01467nam a2200373 a 4500001001200000003000800012006001900020007001500039008004100054010001700095020004300112020002700155040002100182035002100203050002700224082001800251100002200269245006900291250007600360260004300436300002400479490004700503504005100550533015200601650001900753650002300772655002900795700003500824700002400859710001700883830004800900856012600948999001901074ebr10453037CaPaEBRm u cr cn|||||||||100719s2011 maua sb 001 0 eng d z 2010028053 z9780262015356 (hardcover : alk. paper) z9780262295321 (e-book) aCaPaEBRcCaPaEBR a(OCoLC)70841420214aTJ211.415b.S54 2011eb04a629.8/9322221 aSiegwart, Roland.10aIntroduction to autonomous mobile robotsh[electronic resource]. a2nd ed. /bRoland Siegwart, Illah R. Nourbakhsh, and Davide Scaramuzza. aCambridge, Mass. :bMIT Press,cc2011. axvi, 453 p. :bill.1 aIntelligent robotics and autonomous agents aIncludes bibliographical references and index. aElectronic reproduction.bPalo Alto, Calif. :cebrary,d2011.nAvailable via World Wide Web.nAccess may be limited to ebrary affiliated libraries. 0aMobile robots. 0aAutonomous robots. 7aElectronic books.2local1 aNourbakhsh, Illah Reza,d1970-1 aScaramuzza, Davide.2 aebrary, Inc. 0aIntelligent robotics and autonomous agents.40uhttp://site.ebrary.com/lib/rucke/Doc?id=10453037zAn electronic book accessible through the World Wide Web; click to view c227878d227878